Métodos de investigación educativa

Kaydedildi:
Detaylı Bibliyografya
Asıl Yazarlar: Cohen, Louis (Yazar), Manion, Lawrence (Yazar)
Materyal Türü: Kitap
Dil:İspanyolca
Baskı/Yayın Bilgisi: Madrid Editorial La Muralla 1990
Edisyon:1a. ed
Seri Bilgileri:Colección Aula Abierta
Konular:
Etiketler: Etiketle
Etiket eklenmemiş, İlk siz ekleyin!

MARC

LEADER 00000cam a2200000 a 4500
001 UCC0559
003 CL-VaPUC
008 170818e19900000sp |||||||||||||||||spa|d
020 |a 8471335654 
082 0 4 |a 370.78  |b COH  |2 21 
100 0 |a Cohen, Louis  |e author  |9 594557 
700 0 |a Manion, Lawrence  |e author  |9 594558 
245 1 0 |a Métodos de investigación educativa 
250 |a 1a. ed 
300 |a 502 p 
942 |c BK 
945 |d 20170818 15:36:00  |a arojas 
260 |a Madrid  |b Editorial La Muralla  |c 1990 
650 0 |a Investigación educacional   |9 261192 
583 |a last modification  |c 20170818 15:36:00  |k Rodrigo Vera 
490 0 |a Colección Aula Abierta 
999 |c 369363  |d 369361 
952 |0 0  |1 0  |3 erb  |4 0  |6 370_780000000000000_COH_1990  |7 0  |8 A  |9 485126  |a BIBEDU  |b BIBEDU  |c ES_NOD  |i 5415101  |o 370.78 COH 1990  |p 5415101  |r 2023-08-09  |w 2019-11-24  |y BK  |z Catalogado en:20170818  |k PSI